| 000 | 01175nam0a22002531 4500 | ||
|---|---|---|---|
| 001 | rc\2215104 | ||
| 005 | 20260406150851.0 | ||
| 035 | _a(NLR Aleph) 006511689 | ||
| 090 |
_a6337051 _c6337051 |
||
| 100 | _a20110829d1978 |||y0rusy50 ca | ||
| 101 | 0 | _arus | |
| 102 | _aRU | ||
| 105 | _aa z ||||| | ||
| 200 | 1 |
_aРекомендации по совершенствованию организации производства на предприятиях химической чистки и крашения одежды _fМ-во быт. обслуж. населения РСФСР, Респ. центр науч. орг. труда и упр. пр-вом |
|
| 210 |
_aМосква _cЦБНТИ МБОН РСФСР _d1978 |
||
| 215 |
_a95 с., 1 отд. л. ил. _cил. _d20 |
||
| 320 | _aСписок лит.: с. 92-93 | ||
| 606 |
_aФабрики химической чистки и крашения _xОрганизация производства _2psbo |
||
| 712 | 0 | 2 |
_a"Росбытнот", центр _cМосква _9348406 _3RU\NLR\AUTH\889926316 |
| 801 | 0 |
_aRU _bNLR _gpsbo |
|
| 801 | 1 |
_aRU _bELAR _2rusmarc |
|
| 852 |
_aNLR _j78-4/21701 |
||
| 942 | _cBOOK | ||
| 980 | _aNB | ||